[Event "Lethbridge op"]
[Site "Lethbridge"]
[Date "2015.04.12"]
[Round "5"]
[White "Szulski, Adam"]
[Black "Davis Imhof, Peter"]
[Result "1-0"]
[WhiteElo "1745"]
[BlackElo "1608"]
[PlyCount "97"]
[EventDate "2015.04.11"]
[EventType "swiss"]
[EventRounds "5"]
[EventCountry "CAN"]
[SourceTitle "EXT 2017"]
[Source "ChessBase"]
[SourceDate "2016.10.25"]
[SourceVersion "1"]
[SourceVersionDate "2016.10.25"]
[SourceQuality "1"]

1. e4 c5 2. Nf3 Nc6 3. d4 cxd4 4. Nxd4 e5 5. Nf3 Nf6 6. Bd3 Be7 7. 0-0 0-0 8. c4 b6 9. a3 Bb7 10. Nc3 d6 11. Qc2 Rc8 12. Nd5 Nxd5 13. exd5 Nb8 14. Bxh7+ Kh8 15. Bd3 Bxd5 16. Qe2 Bb7 17. b3 f5 18. Ne1 e4 19. Bc2 Bf6 20. Ra2 Kg8 21. Qh5 Be5 22. Bg5 Qe8 23. Qh4 Bf6 24. b4 Bxg5 25. Qxg5 Rf6 26. Bb3 Qf7 27. Qf4 g5 28. Qxg5+ Rg6 29. Qf4 Kg7 30. Qe3 Qf6 31. Nc2 f4 32. Qd4 Qxd4 33. Nxd4 Kf6 34. Nb5 f3 35. g3 Rh8 36. Rd1 Ke5 37. Rad2 Rgh6 38. h4 e3 39. fxe3 Rg8 40. Kf2 Rhg6 41. Rg1 a6 42. Nxd6 Rxd6 43. Rxd6 Kxd6 44. c5+ bxc5 45. bxc5+ Kxc5 46. Bxg8 Nd7 47. Rc1+ Kd6 48. Rd1+ Kc7 49. Bd5 1-0

[Event "Medicine Hat op"]
[Site "Medicine Hat"]
[Date "2014.09.20"]
[Round "2.7"]
[White "Szulski, Adam"]
[Black "Davis Imhof, Peter"]
[Result "1-0"]
[WhiteElo "1746"]
[BlackElo "1638"]
[PlyCount "39"]
[EventDate "2014.09.20"]
[EventType "swiss"]
[EventRounds "5"]
[EventCountry "CAN"]
[SourceTitle "EXT 2022"]
[Source "ChessBase"]
[SourceDate "2021.10.06"]
[SourceVersion "1"]
[SourceVersionDate "2021.10.06"]
[SourceQuality "1"]

1. e4 e5 2. Nf3 Nc6 3. Bb5 a6 4. Ba4 Bc5 5. d3 Nge7 6. Bg5 h6 7. Bh4 b5 8. Bb3 0-0 9. c3 Kh8 10. Nbd2 f6 11. 0-0 d5 12. h3 Bb7 13. Bc2 b4 14. Re1 a5 15. Nb3 Bb6 16. d4 g5 17. Bg3 a4 18. Nc1 Ng6 19. exd5 Nce7 20. c4 1-0

[Event "Medicine Hat op"]
[Site "Medicine Hat"]
[Date "2011.09.17"]
[Round "2.7"]
[White "Berndtsson, Kurt"]
[Black "Davis Imhof, Peter"]
[Result "0-1"]
[WhiteElo "1279"]
[BlackElo "1568"]
[PlyCount "54"]
[EventDate "2011.09.17"]
[EventType "swiss"]
[EventRounds "5"]
[EventCountry "CAN"]
[SourceTitle "EXT 2022"]
[Source "ChessBase"]
[SourceDate "2021.10.06"]
[SourceVersion "1"]
[SourceVersionDate "2021.10.06"]
[SourceQuality "1"]

1. g3 e5 2. e4 Nf6 3. Bg2 Bc5 4. Nc3 d6 5. Nd5 Ng4 6. Ne3 Qf6 7. Qf3 Qxf3 8. Nxf3 Nxe3 9. fxe3 Nc6 10. c3 Bd7 11. d4 Bb6 12. a4 f6 13. d5 Na5 14. 0-0 a6 15. Ra3 Nc4 16. Ra2 Nxe3 17. Bxe3 Bxe3+ 18. Kh1 g5 19. b3 h5 20. a5 Ke7 21. Nd2 h4 22. Nc4 Ba7 23. Re1 hxg3 24. h3 Bxh3 25. Rae2 Bg4+ 26. Bh3 Bf3+ 27. Rg2 Rxh3# 0-1

[Event "Medicine Hat op"]
[Site "Medicine Hat"]
[Date "2011.09.17"]
[Round "1.3"]
[White "Davis Imhof, Peter"]
[Black "Taylor, William"]
[Result "0-1"]
[WhiteElo "1568"]
[BlackElo "1892"]
[PlyCount "112"]
[EventDate "2011.09.17"]
[EventType "swiss"]
[EventRounds "5"]
[EventCountry "CAN"]
[SourceTitle "EXT 2022"]
[Source "ChessBase"]
[SourceDate "2021.10.06"]
[SourceVersion "1"]
[SourceVersionDate "2021.10.06"]
[SourceQuality "1"]

1. e4 Nf6 2. e5 Nd5 3. d4 d6 4. c4 Nb6 5. Nf3 Nc6 6. Be2 dxe5 7. dxe5 Qxd1+ 8. Kxd1 Bf5 9. b3 0-0-0+ 10. Nbd2 h6 11. Bb2 e6 12. Nh4 Bh7 13. a3 Be7 14. Nhf3 a5 15. Kc1 g5 16. Nb1 Rd7 17. h3 Rhd8 18. Nc3 Bf8 19. Nb5 Kb8 20. Bc3 Nc8 21. Rd1 Rxd1+ 22. Bxd1 b6 23. Nbd4 N8a7 24. Nb5 Bc5 25. Ra2 Bd3 26. Ne1 Nxb5 27. cxb5 Bxb5 28. Bf3 Na7 29. b4 axb4 30. axb4 Bf8 31. Nc2 Bc4 32. Ra1 Bd5 33. Nd4 Bxf3 34. gxf3 Rd5 35. Kc2 Kb7 36. Kb3 Nb5 37. Nxb5 Rxb5 38. Rd1 Rd5 39. Rg1 Rd3 40. f4 Be7 41. fxg5 Bxg5 42. h4 Bxh4 43. Rg7 Rf3 44. Rh7 Bxf2 45. Kc2 Be3 46. Kd1 Bg5 47. Be1 Rd3+ 48. Kc2 Rd7 49. Kb3 Kc6 50. Kc4 b5+ 51. Kb3 Kd5 52. Bg3 Ke4 53. Kc2 Rd2+ 54. Kb1 Rg2 55. Rxf7 Rxg3 56. Rxc7 Rb3+ 0-1